[Event "LTU-ch sf"]
[Site "Vilnius"]
[Date "2023.04.13"]
[Round "5"]
[White "Kraucenka, Justas"]
[Black "Zukauskas, Petras"]
[Result "1/2-1/2"]
[WhiteElo "1079"]
[BlackElo "1671"]
[PlyCount "124"]
[EventDate "2023.04.11"]
[EventType "swiss"]
[EventRounds "9"]
[EventCountry "LTU"]
[SourceTitle "CBM 213 Extra"]
[Source "ChessBase"]
[SourceDate "2023.05.31"]
[SourceVersion "1"]
[SourceVersionDate "2023.05.31"]
[SourceQuality "1"]

1. e4 g6 2. d4 Bg7 3. Nf3 d6 4. Nc3 Bg4 5. Be3 Nd7 6. Be2 c6 7. 0-0 e6 8. h3 Bxf3 9. Bxf3 d5 10. exd5 exd5 11. Re1 Ne7 12. Bg5 f6 13. Bf4 0-0 14. Bg4 f5 15. Bf3 Nf6 16. Qd2 Re8 17. Bg5 Qd7 18. Bxf6 Bxf6 19. Re2 Kh8 20. Rae1 Ng8 21. Rxe8 Rxe8 22. Rxe8 Qxe8 23. Ne2 Bg7 24. c3 Bh6 25. Qc2 Nf6 26. Kf1 Ne4 27. Bxe4 fxe4 28. Ng3 Qf7 29. Ke2 Qf4 30. Nf1 Qg5 31. Ng3 e3 32. Qd3 exf2 33. Kxf2 Qf4+ 34. Qf3 Qd2+ 35. Qe2 Kg7 36. Qxd2 Bxd2 37. Ne2 Kf6 38. h4 g5 39. hxg5+ Kf5 40. Kf3 Kxg5 41. g3 b6 42. b3 c5 43. c4 dxc4 44. bxc4 b5 45. cxb5 c4 46. Ke4 Kg4 47. d5 h5 48. d6 Ba5 49. d7 c3 50. Nxc3 Kxg3 51. Ne2+ Kg4 52. Nf4 h4 53. a3 Bb6 54. a4 Ba5 55. Nd3 Bb6 56. Nf4 Bc7 57. Nd5 Ba5 58. Nf4 Bb6 59. Nd5 Bd8 60. Nf4 Ba5 61. Nd3 Kg3 62. Nf4 Kg4 1/2-1/2

[Event "Vilnius Steponavicius 75"]
[Site "Vilnius"]
[Date "2021.12.18"]
[Round "2.1"]
[White "Steponavicius, Petras"]
[Black "Zukauskas, Petras"]
[Result "1-0"]
[WhiteElo "1701"]
[BlackElo "1668"]
[PlyCount "93"]
[EventDate "2021.12.18"]
[EventType "tourn"]
[EventRounds "9"]
[EventCountry "LTU"]
[SourceTitle "EXT 2023"]
[Source "ChessBase"]
[SourceDate "2022.10.05"]
[SourceVersion "1"]
[SourceVersionDate "2022.10.05"]
[SourceQuality "1"]

1. d4 d5 2. Bf4 Nf6 3. e3 g6 4. c3 Bg7 5. h3 b6 6. Nf3 Ne4 7. Bd3 c6 8. Nbd2 Nxd2 9. Qxd2 Ba6 10. Bxb8 Bxd3 11. Be5 Bxe5 12. Nxe5 Ba6 13. Nxc6 Qd6 14. Nb4 Bb7 15. Nd3 f6 16. f4 Kf7 17. 0-0 h5 18. Rad1 Rag8 19. Rf2 Qe6 20. Re1 Ke8 21. Qc2 Qf5 22. Qa4+ Qd7 23. Qxa7 Qc7 24. Qa4+ Bc6 25. Qb3 e6 26. e4 Kd7 27. exd5 Bxd5 28. Qc2 g5 29. b3 gxf4 30. Nxf4 Rg5 31. Nxd5 exd5 32. Rxf6 Qg3 33. Qe2 Rg7 34. Qe6+ Kd8 35. Qxb6+ Kc8 36. Qe6+ Kb8 37. Qd6+ Qxd6 38. Rxd6 Rhg8 39. Re2 Rg3 40. Kh2 h4 41. Rxd5 Rxc3 42. Rh5 Rd3 43. Rxh4 Rd8 44. Rg4 Rh8 45. Rc2 Re3 46. Rd2 Re6 47. d5 1-0

[Event "Vilnius Kraujunui 80"]
[Site "Vilnius"]
[Date "2020.08.09"]
[Round "6"]
[White "Vazgauskas, Povilas"]
[Black "Zukauskas, Petras"]
[Result "1/2-1/2"]
[WhiteElo "1565"]
[BlackElo "1637"]
[PlyCount "117"]
[EventDate "2020.08.05"]
[EventType "tourn"]
[EventRounds "9"]
[EventCountry "LTU"]
[SourceTitle "EXT 2021"]
[Source "ChessBase"]
[SourceDate "2020.10.23"]
[SourceVersion "1"]
[SourceVersionDate "2020.10.23"]
[SourceQuality "1"]

1. e4 c6 2. d4 d5 3. exd5 cxd5 4. Nf3 Bg4 5. h3 Bxf3 6. Qxf3 Nf6 7. Bb5+ Nc6 8. c4 e6 9. 0-0 Qb6 10. Bxc6+ bxc6 11. c5 Qb7 12. Nc3 Be7 13. Bg5 h6 14. Bf4 0-0 15. Rab1 Nd7 16. Qg3 Kh7 17. b4 g5 18. Bd6 Bxd6 19. Qxd6 Rad8 20. b5 Nb8 21. Qe5 Qe7 22. Rfe1 Rfe8 23. a4 f6 24. Qg3 e5 25. dxe5 fxe5 26. Qe3 Nd7 27. bxc6 Nxc5 28. Qf3 e4 29. Qf5+ Kg7 30. Nxd5 Qf7 31. Ne3 Qxf5 32. Nxf5+ Kg6 33. g4 Re6 34. Rec1 Nxa4 35. c7 Rc8 36. Rb8 Nb6 37. Rxc8 Nxc8 38. Kf1 h5 39. Ke2 hxg4 40. hxg4 a5 41. Nd4 Rb6 42. Rc6+ Rxc6 43. Nxc6 a4 44. Ke3 a3 45. Nb4 Nd6 46. Kd2 Kf6 47. Kc2 Ke5 48. Nc6+ Kf4 49. Nd4 Kxg4 50. Nb5 Nc8 51. Nxa3 Kf3 52. Kd2 Kxf2 53. Nc4 g4 54. Ne3 Kf3 55. Nf5 g3 56. Nxg3 Kxg3 57. Ke3 Nd6 58. c8Q Nxc8 59. Kxe4 1/2-1/2

[Event "Vilnius Kraujunui 80"]
[Site "Vilnius"]
[Date "2020.08.07"]
[Round "3"]
[White "Zukauskas, Petras"]
[Black "Feofanov, Boris"]
[Result "1-0"]
[WhiteElo "1637"]
[BlackElo "1685"]
[PlyCount "99"]
[EventDate "2020.08.05"]
[EventType "tourn"]
[EventRounds "9"]
[EventCountry "LTU"]
[SourceTitle "EXT 2021"]
[Source "ChessBase"]
[SourceDate "2020.10.23"]
[SourceVersion "1"]
[SourceVersionDate "2020.10.23"]
[SourceQuality "1"]

1. d4 d5 2. c4 c6 3. e3 Nf6 4. Nf3 e6 5. Bd3 dxc4 6. Bxc4 b5 7. Bd3 a6 8. 0-0 c5 9. b3 Nc6 10. Bb2 Bb7 11. Nbd2 Be7 12. Rc1 cxd4 13. exd4 0-0 14. Ne4 Nxe4 15. Bxe4 Rc8 16. Ne5 Qd6 17. Qf3 Nxe5 18. dxe5 Bxe4 19. exd6 Bxf3 20. dxe7 Bd5 21. exf8Q+ Rxf8 22. Rc7 h6 23. Rfc1 Kh7 24. Rc8 Rxc8 25. Rxc8 Kg6 26. f4 f6 27. g4 h5 28. h3 hxg4 29. hxg4 Bf3 30. g5 Kf5 31. gxf6 gxf6 32. Rf8 Kxf4 33. Rxf6+ Kg4 34. Rxe6 a5 35. Ra6 a4 36. bxa4 bxa4 37. Rxa4+ Kf5 38. Kf2 Bd5 39. Ke3 Ke6 40. Kd4 Kd6 41. Ra5 Bc6 42. Ba3+ Kc7 43. Kc5 Kb7 44. Bb4 Be8 45. Ra3 Bd7 46. Rg3 Be6 47. Rg7+ Kb8 48. a4 Ka8 49. Kb6 Bc8 50. Ra7+ 1-0

[Event "LTU-ch"]
[Site "Vilnius"]
[Date "2019.03.20"]
[Round "8"]
[White "Zukauskas, Petras"]
[Black "Bazilius, Augustinas"]
[Result "1/2-1/2"]
[WhiteElo "1672"]
[BlackElo "1447"]
[PlyCount "134"]
[EventDate "2019.03.15"]
[EventType "swiss"]
[EventRounds "9"]
[EventCountry "LTU"]
[SourceTitle "EXT 2020"]
[Source "ChessBase"]
[SourceDate "2019.10.17"]
[SourceVersion "1"]
[SourceVersionDate "2019.10.17"]
[SourceQuality "1"]

1. d4 Nf6 2. c4 g6 3. g3 Bg7 4. Bg2 d5 5. Nf3 0-0 6. 0-0 dxc4 7. Ne5 c6 8. Nxc4 Qc7 9. Bf4 Qd8 10. Qd2 Be6 11. Ne5 Bd5 12. f3 Nbd7 13. Nc3 Nxe5 14. Bxe5 c5 15. Nxd5 Qxd5 16. f4 Qd7 17. Rfd1 Rad8 18. Rac1 b6 19. h3 Nh5 20. Bxg7 Nxg7 21. d5 e6 22. g4 h5 23. Bf3 hxg4 24. hxg4 exd5 25. Qxd5 Qe7 26. Qe4 Qh4 27. Kg2 Rxd1 28. Rxd1 Re8 29. Qb7 Ne6 30. e3 Qe7 31. Rd7 Qf6 32. Rd2 Qe7 33. Qxe7 Rxe7 34. Be2 Re8 35. Kf3 Rd8 36. Rxd8+ Nxd8 37. Ke4 Kf8 38. Kd5 Ke7 39. Bb5 Nb7 40. Kc6 Nd6 41. a4 Ke6 42. Be2 c4 43. e4 f6 44. Kc7 g5 45. fxg5 fxg5 46. Kb8 a6 47. Ka7 b5 48. a5 b4 49. Kxa6 c3 50. bxc3 bxc3 51. Bd3 Ke5 52. Kb6 Nxe4 53. a6 Nd6 54. Kc5 Nc8 55. Kc4 Kf4 56. Bf5 c2 57. Bxc2 Kxg4 58. Kc5 Kf4 59. Ba4 g4 60. Bc6 g3 61. Bg2 Ke3 62. Kc6 Kf2 63. Be4 g2 64. Bxg2 Kxg2 65. Kb7 Nd6+ 66. Kc7 Nb5+ 67. Kb6 Nd6 1/2-1/2

[Event "LTU-ch"]
[Site "Vilnius"]
[Date "2019.03.16"]
[Round "3"]
[White "Ketlerius, Arijus"]
[Black "Zukauskas, Petras"]
[Result "1-0"]
[WhiteElo "1841"]
[BlackElo "1672"]
[PlyCount "37"]
[EventDate "2019.03.15"]
[EventType "swiss"]
[EventRounds "9"]
[EventCountry "LTU"]
[SourceTitle "EXT 2021"]
[Source "ChessBase"]
[SourceDate "2020.10.23"]
[SourceVersion "1"]
[SourceVersionDate "2020.10.23"]
[SourceQuality "1"]

1. Nf3 d5 2. c4 d4 3. e3 dxe3 4. fxe3 g6 5. d4 Bg7 6. Nc3 c6 7. Be2 Bg4 8. 0-0 e6 9. h3 Bxf3 10. Bxf3 Ne7 11. Qb3 Qc7 12. d5 exd5 13. cxd5 Bxc3 14. Qxc3 0-0 15. e4 Qd7 16. Bh6 f6 17. Bxf8 Kxf8 18. Qxf6+ Kg8 19. Bg4 1-0

[Event "LTU-ch"]
[Site "Vilnius"]
[Date "2019.03.16"]
[Round "2"]
[White "Zukauskas, Petras"]
[Black "Paknyte, Beatrice"]
[Result "1-0"]
[WhiteElo "1672"]
[BlackElo "1167"]
[PlyCount "89"]
[EventDate "2019.03.15"]
[EventType "swiss"]
[EventRounds "9"]
[EventCountry "LTU"]
[SourceTitle "CBM 189 Extra"]
[Source "ChessBase"]
[SourceDate "2019.06.03"]
[SourceVersion "1"]
[SourceVersionDate "2019.06.03"]
[SourceQuality "1"]

1. d4 Nf6 2. f4 g6 3. Nf3 Bg7 4. c4 0-0 5. Nc3 d5 6. cxd5 Nxd5 7. e4 Nxc3 8. bxc3 c5 9. e5 cxd4 10. cxd4 Be6 11. Be2 Qa5+ 12. Qd2 Qxd2+ 13. Bxd2 Nc6 14. Kf2 Rfd8 15. Ke3 Bd5 16. Bc3 Rac8 17. Rhc1 Rc7 18. Bb5 Bxf3 19. gxf3 Rcd7 20. Bxc6 bxc6 21. Ba5 Rc8 22. Rc5 Rd5 23. Rb1 Rxc5 24. dxc5 e6 25. Rb7 Bf8 26. Kd4 Ra8 27. Bc7 h5 28. a4 Bh6 29. Ke3 Bf8 30. Bd6 a5 31. Kd4 Bh6 32. Ke3 Bf8 33. Rb6 Rc8 34. Ra6 f6 35. Rxa5 Bxd6 36. cxd6 f5 37. Kd4 Kf8 38. Ra7 Rb8 39. Kc5 Rc8 40. Rc7 Ra8 41. Kxc6 Rxa4 42. Rc8+ Kf7 43. d7 Rc4+ 44. Kb5 Rxc8 45. dxc8Q 1-0

[Event "LTU-ch"]
[Site "Vilnius"]
[Date "2019.03.15"]
[Round "1"]
[White "Kalvaitis, Sigitas"]
[Black "Zukauskas, Petras"]
[Result "1-0"]
[WhiteElo "2143"]
[BlackElo "1672"]
[PlyCount "74"]
[EventDate "2019.03.15"]
[EventType "swiss"]
[EventRounds "9"]
[EventCountry "LTU"]
[SourceTitle "CBM 189 Extra"]
[Source "ChessBase"]
[SourceDate "2019.06.03"]
[SourceVersion "1"]
[SourceVersionDate "2019.06.03"]
[SourceQuality "1"]

1. e4 c6 2. d4 d5 3. Nc3 dxe4 4. Nxe4 Nd7 5. Ng5 Ngf6 6. Bd3 h6 7. Ne6 Qb6 8. Nxf8 Nxf8 9. Nf3 g5 10. 0-0 Bg4 11. Re1 Qc7 12. Qe2 e6 13. Qe5 Qxe5 14. Nxe5 Bh5 15. b3 Rg8 16. Ba3 0-0-0 17. Be7 N6d7 18. Bxd8 Kxd8 19. c4 f6 20. Nxd7 Kxd7 21. Be2 Bf7 22. Rad1 Kc7 23. g3 Nd7 24. Bf3 g4 25. Bg2 Kd6 26. Re2 f5 27. Rde1 h5 28. b4 a5 29. b5 c5 30. dxc5+ Nxc5 31. Rd2+ Kc7 32. Red1 Be8 33. Rd8 Bf7 34. R8d6 Re8 35. b6+ Kc8 36. Bc6 Rh8 37. Bd7+ Kb8 1-0

[Event "LTU-ch sf"]
[Site "Vilnius"]
[Date "2015.02.23"]
[Round "7"]
[White "Gurevicius, Arunas"]
[Black "Zukauskas, Petras"]
[Result "1-0"]
[WhiteElo "1677"]
[BlackElo "1782"]
[PlyCount "109"]
[EventDate "2015.02.18"]
[EventType "swiss"]
[EventRounds "8"]
[EventCountry "LTU"]
[SourceTitle "CBM 165 Extra"]
[Source "ChessBase"]
[SourceDate "2015.04.21"]
[SourceVersion "1"]
[SourceVersionDate "2015.04.21"]
[SourceQuality "1"]

1. Nf3 d5 2. d4 g6 3. c4 e6 4. Nc3 Bg7 5. Bf4 c6 6. a4 a5 7. e3 f5 8. c5 Nf6 9. Ne5 Nbd7 10. Qb3 Nh5 11. Nxd7 Qxd7 12. Bd6 Nf6 13. Be2 Kf7 14. 0-0 g5 15. Qd1 h5 16. Be5 Ng4 17. Bxg7 Kxg7 18. h3 Nf6 19. f3 Qf7 20. e4 Bd7 21. e5 Ng8 22. Qe1 h4 23. f4 Qg6 24. fxg5 Qxg5 25. Qf2 Kf7 26. Bf3 Ne7 27. Rab1 Rag8 28. b4 axb4 29. Rxb4 Bc8 30. a5 Ng6 31. Ne2 Ke7 32. Rfb1 Nf4 33. Rxb7+ Bxb7 34. Rxb7+ Kf8 35. Nxf4 Qxf4 36. a6 Qc1+ 37. Kh2 Qf4+ 38. Kh1 Qc1+ 39. Qg1 Qa3 40. Qf1 Rg3 41. a7 Rhg8 42. Bh5 R3g7 43. Rb8+ Ke7 44. a8Q Qxa8 45. Rxa8 Rxa8 46. Qb1 Kd8 47. Qb6+ Rc7 48. Bf7 Ra1+ 49. Kh2 Ra8 50. Bxe6 f4 51. Bg4 Raa7 52. Qb8+ Ke7 53. Bh5 Ke6 54. Qe8+ Kf5 55. Qg6# 1-0

[Event "Vilnius op"]
[Site "Vilnius"]
[Date "2014.11.26"]
[Round "9"]
[White "Sibajeva, Marija"]
[Black "Zukauskas, Petras"]
[Result "1-0"]
[WhiteElo "1737"]
[BlackElo "1820"]
[PlyCount "41"]
[EventDate "2014.11.19"]
[EventType "swiss"]
[EventRounds "9"]
[EventCountry "LTU"]
[SourceTitle "CBM 163 Extra"]
[Source "ChessBase"]
[SourceDate "2014.12.23"]
[SourceVersion "1"]
[SourceVersionDate "2014.12.23"]
[SourceQuality "1"]

1. e4 d5 2. exd5 Qxd5 3. Nf3 Bg4 4. Be2 c6 5. d4 Nf6 6. c4 Qd6 7. 0-0 e6 8. Nc3 Nbd7 9. Be3 Qc7 10. Qd2 h6 11. Rac1 Nb6 12. b3 g5 13. Ne5 Bxe2 14. Qxe2 Nbd7 15. Nxd7 Qxd7 16. Rfd1 0-0-0 17. d5 Qc7 18. Nb5 Qe5 19. Nxa7+ Kb8 20. Nxc6+ Kc8 21. Nxe5 1-0

[Event "Vilnius op"]
[Site "Vilnius"]
[Date "2014.11.22"]
[Round "4"]
[White "Steponavicius, Stasys"]
[Black "Zukauskas, Petras"]
[Result "1-0"]
[WhiteElo "2160"]
[BlackElo "1820"]
[PlyCount "55"]
[EventDate "2014.11.19"]
[EventType "swiss"]
[EventRounds "9"]
[EventCountry "LTU"]
[SourceTitle "CBM 163 Extra"]
[Source "ChessBase"]
[SourceDate "2014.12.23"]
[SourceVersion "1"]
[SourceVersionDate "2014.12.23"]
[SourceQuality "1"]

1. d4 c5 2. d5 e5 3. e4 d6 4. Nc3 g6 5. h3 a6 6. a4 b6 7. Nf3 Bg7 8. Be3 Ne7 9. Nd2 f5 10. f3 0-0 11. Nc4 Qc7 12. b4 f4 13. Bf2 Nd7 14. bxc5 bxc5 15. a5 Rb8 16. Bd3 Bb7 17. 0-0 Nc8 18. Qe2 Na7 19. Rfb1 Ba8 20. Na4 Nb5 21. Ncb6 Nd4 22. Qf1 c4 23. Nxc4 Rxb1 24. Rxb1 Rc8 25. Ncb6 Rb8 26. c3 Nb5 27. Nxd7 Qxd7 28. c4 1-0

[Event "WchT Seniors 50"]
[Site "Vilnius"]
[Date "2014.07.17"]
[Round "5.8"]
[White "Zukauskas, Petras"]
[Black "Johnsen, Oystein"]
[Result "1-0"]
[WhiteElo "1796"]
[BlackElo "2046"]
[PlyCount "103"]
[EventDate "2014.07.13"]
[EventType "team-swiss"]
[EventRounds "9"]
[EventCountry "LTU"]
[SourceTitle "CBM 161 Extra"]
[Source "ChessBase"]
[SourceDate "2014.08.29"]
[SourceVersion "1"]
[SourceVersionDate "2014.08.29"]
[SourceQuality "1"]
[WhiteTeam "Lithuania III"]
[BlackTeam "Norway"]
[WhiteTeamCountry "LTU"]
[BlackTeamCountry "NOR"]

1. d4 f5 2. f4 Nf6 3. Nf3 e6 4. e3 b6 5. Bd3 Bb7 6. 0-0 Be7 7. b3 0-0 8. Ba3 Kh8 9. Bxe7 Qxe7 10. Nbd2 Ne4 11. c4 d5 12. Ne5 Nxd2 13. Qxd2 Nd7 14. Nxd7 Qxd7 15. c5 bxc5 16. dxc5 Rf6 17. Be2 Rg6 18. Qd4 a5 19. a3 Bc6 20. b4 a4 21. Rab1 Bb5 22. Bd3 Qc6 23. Rf2 Rb8 24. h3 Kg8 25. Kh2 Rd8 26. Bc2 h5 27. Rg1 Rh6 28. Kg3 h4+ 29. Kh2 Kf7 30. g4 hxg3+ 31. Rxg3 g6 32. Rfg2 Rdh8 33. Rxg6 Rxh3+ 34. Kg1 Rh1+ 35. Kf2 Rf1+ 36. Kg3 Rfh1 37. Qf6+ Ke8 38. Bxf5 exf5 39. Qxc6+ Bxc6 40. Rxc6 Ra1 41. Rxc7 Rg8+ 42. Kf3 Rxg2 43. Kxg2 Rxa3 44. b5 Ra2+ 45. Kg3 a3 46. b6 Rb2 47. Ra7 a2 48. Kh4 Rb5 49. Rxa2 Kd7 50. Ra7+ Kc8 51. Rc7+ Kb8 52. Kg5 1-0

[Event "LTU-ch sf"]
[Site "Vilnius"]
[Date "2014.02.18"]
[Round "3"]
[White "Vicas, Marijus"]
[Black "Zukauskas, Petras"]
[Result "1-0"]
[WhiteElo "2039"]
[BlackElo "1820"]
[PlyCount "57"]
[EventDate "2014.02.17"]
[EventType "swiss"]
[EventRounds "8"]
[EventCountry "LTU"]
[SourceTitle "CBM 158 Extra"]
[Source "ChessBase"]
[SourceDate "2014.02.28"]
[SourceVersion "1"]
[SourceVersionDate "2014.02.28"]
[SourceQuality "1"]

1. e4 d5 2. exd5 Qxd5 3. Nc3 Qd6 4. Nf3 Bg4 5. d4 c6 6. Be2 e6 7. 0-0 Nf6 8. h3 Bh5 9. Bg5 Nbd7 10. Re1 h6 11. Bh4 Qc7 12. Bg3 Bd6 13. Ne5 Bxe2 14. Qxe2 Bxe5 15. dxe5 Nd5 16. Ne4 0-0 17. Rad1 Rad8 18. Nf6+ Kh8 19. Nh5 Ne7 20. Bh4 Rde8 21. Qd2 Nxe5 22. Bf6 Nf3+ 23. gxf3 Nf5 24. Bxg7+ Kh7 25. Be5 Qe7 26. Nf6+ Kg6 27. Qf4 h5 28. h4 Nxh4 29. Qxh4 1-0